Online katalóg knižníc regiónu Turca

Sladká levanduľa (Record no. 22230)

MARC details
000 -LEADER
fixed length control field 01408cam a2200385 a 4500
001 - CONTROL NUMBER
control field 22230
003 - CONTROL NUMBER IDENTIFIER
control field VRT
005 - DATE AND TIME OF LATEST TRANSACTION
control field 20260323135706.0
008 - FIXED-LENGTH DATA ELEMENTS--GENERAL INFORMATION
fixed length control field 251031s2006 xo g 000 f slo
015 ## - NATIONAL BIBLIOGRAPHY NUMBER
National bibliography number SNBA2007/04-01300
020 ## - INTERNATIONAL STANDARD BOOK NUMBER
International Standard Book Number 805511255X
Qualifying information (viaz.)
035 ## - SYSTEM CONTROL NUMBER
System control number F99CC481-3682-47C8-AC7D-5B0F53D2FA26
035 ## - SYSTEM CONTROL NUMBER
System control number urn:nbn:sk:snk-amlf8j
035 ## - SYSTEM CONTROL NUMBER
System control number urn:nbn:sk:snk-am008xxh
039 #9 - LEVEL OF BIBLIOGRAPHIC CONTROL AND CODING DETAIL [OBSOLETE]
Level of rules in bibliographic description 202510310916
Level of effort used to assign nonsubject heading access points VLOAD
Level of effort used to assign subject headings 202403141146
Level of effort used to assign classification VLOAD
Level of effort used to assign subject headings 202401161303
Level of effort used to assign classification AUTHORITY
Level of effort used to assign subject headings 202209231009
Level of effort used to assign classification msnk170
040 ## - CATALOGING SOURCE
Original cataloging agency POKPOH
Language of cataloging slo
Transcribing agency POKPOH
Modifying agency SNK
Description conventions AACR 2
041 1# - LANGUAGE CODE
Language code of text/sound track or separate title slo
Language code of original eng
044 ## - COUNTRY OF PUBLISHING/PRODUCING ENTITY CODE
MARC country code xo
ISO country code SK
072 #7 - SUBJECT CATEGORY CODE
Subject category code 821.111(73)
Subject category code subdivision Americká literatúra
Source konspekt
080 ## - UNIVERSAL DECIMAL CLASSIFICATION NUMBER
Universal Decimal Classification number 821.111(73)-31
Edition identifier 2001
080 ## - UNIVERSAL DECIMAL CLASSIFICATION NUMBER
Universal Decimal Classification number (0:82-312.5)
Edition identifier 2001
100 1# - MAIN ENTRY--PERSONAL NAME
Personal name Evans Porter, Margaret
Relationship aut
240 10 - UNIFORM TITLE
Uniform title Sweet lavender
Language of a work Slovensky
245 10 - TITLE STATEMENT
Title Sladká levanduľa
Statement of responsibility, etc. Margaret Evansová Porterová ; [z anglického originálu preložila Lucia Nižníková-Kollárová]
250 ## - EDITION STATEMENT
Edition statement [1.] slov. vyd.
260 ## - PUBLICATION, DISTRIBUTION, ETC.
Place of publication, distribution, etc. Bratislava
Name of publisher, distributor, etc. Ikar
Date of publication, distribution, etc. 2006
300 ## - PHYSICAL DESCRIPTION
Extent 213 s.
Dimensions 21 cm
655 #7 - INDEX TERM--GENRE/FORM
Genre/form data or focus term ľúbostné romány
Source of term SNKPH
655 #7 - INDEX TERM--GENRE/FORM
Genre/form data or focus term americké romány
Source of term SNKPH
700 1# - ADDED ENTRY--PERSONAL NAME
Personal name Nižníková-Kollárová, Lucia,
Dates associated with a name 1976-
Relationship trl
942 ## - ADDED ENTRY ELEMENTS (KOHA)
Source of classification or shelving scheme Dewey Decimal Classification
Koha item type Krásna literatúra pre dospelých
Suppress in OPAC No
949 ## - LOCAL PROCESSING INFORMATION (OCLC)
6 17A0529629
a snkSC 125676
b snk2006/23953
o 2146/06
s 6100:20151111
949 ## - LOCAL PROCESSING INFORMATION (OCLC)
6 17A0533594
a snkSC 125676 D1
b snk2007/68
o 2146/06OS
949 ## - LOCAL PROCESSING INFORMATION (OCLC)
6 273K0466992
a svkpoA 197309
b svkpo493517
Holdings
Stav vyradenia Strata Poškodenie Spôsob nadobudnutia Domovská knižnica Aktuálna knižnica Dátum nadobudnutia Total checkouts Čiarový kód exemplára Date last seen Typ exemplára
      Dar Obecná knižnica Turčianska Štiavnička Obecná knižnica Turčianska Štiavnička 23.03.2026   4738000688 23.03.2026 Krásna literatúra pre dospelých
Projekt je podporený Slovenskou asociáciou knižníc
Prevádzkuje Turčianska knižnica Martin 2026